000 004470000a22001690004500
003 MACL
005 20160109162252.0
008 160109b xxu||||| |||| 00| 0 eng d
040 _aMACL
_cMACL
041 _aEnglish
082 _a826/GOS
100 _aCunningham, Peter
_929393
245 _aThe Letters of Horace Walpole
_bfourth earl of orford
260 _bJohn Grant
_c1906
_aEdinbnrgb
650 _aLetters
_930578
942 _cBK
_k826/GOS
_2ddc
999 _c36806
_d36806